Patrimonio artístico, archivos y museos
Descripción Física:
1369 p. ; 17 cm
Colección:
Legislación básica , 3
Otros Autores:
Espanya. Ministerio de Cultura
MARC
| LEADER | 00000nam a2200000Ia 4500 | ||
|---|---|---|---|
| 001 | 7648 | ||
| 008 | 160829s1982 xx 000 0 cat d | ||
| 080 | |a A-2-58 | ||
| 100 | |a Espanya. Lleis, etc. |9 23269 | ||
| 245 | |a Patrimonio artístico, archivos y museos | ||
| 250 | |a 3a ed. | ||
| 260 | |a Madrid : |b Ministerio de Cultura, Secretaria General Técnica, |c 1982 | ||
| 300 | |a 1369 p. ; |c 17 cm | ||
| 490 | |a Legislación básica , 3 | ||
| 650 | |a Arxius |x Dret i legislació |x Espanya |9 37980 | ||
| 650 | |a Museus |x Dret i legislació |x Espanya |9 37981 | ||
| 650 | 0 | |a Patrimoni cultural |x Protecció |x Dret i legislació |z Espanya |9 37982 | |
| 700 | |a Espanya. Ministerio de Cultura |9 37983 | ||
| 901 | |a Arxiu | ||
| 942 | |n 1 | ||
| 952 | |0 0 |1 0 |4 0 |6 A258 |7 1 |9 48181 |a Arxiu |b Arxiu |d 2016-12-01 |l 0 |o A-2-58 |p 7648 |r 2016-12-01 00:00:00 |w 2016-12-01 |y ARXIU | ||
| 999 | |c 51987 |d 51987 | ||